[Event "AUTO-OPEN-3341"]
[Site "http://www.queenalice.com/game.php?id=1312129"]
[Date "2014.10.2"]
[Round "1"]
[White "plonius"]
[Black "Gusmao"]
[Result "1-0"]
[WhiteElo "2792"]
[BlackElo "1674"]

1. d4 e6 2. c4 Bb4+ 3. Bd2 Bf8 4. e4 d5 5. cxd5 exd5 6. exd5 Qxd5 7. Nf3 Bg4 8.
Nc3 Qe6+ 9. Be3 Bxf3 10. Qxf3 Bb4 11. Qxb7 Bxc3+ 12. bxc3 Ne7 13. Qxa8 O-O 14.
Qxa7 c6 15. Bd3 Nd5 16. O-O Nxc3 17. Qa3 Nb5 18. Bxh7+ Kxh7 19. Qxf8 Nd7 20. Qd8
f6 21. a4 Nc3 22. a5 Ne2+ 23. Kh1 Nc3 24. a6 Nb5 25. a7 Nxa7 26. Rxa7 Qc4 27.
Rfa1 Nb6 28. Qxf6 Qg8 29. Qh6# 1-0

[Event "AUTO-OPEN-3341"]
[Site "http://www.queenalice.com/game.php?id=1312130"]
[Date "2014.10.2"]
[Round "1"]
[White "Gusmao"]
[Black "plonius"]
[Result "0-1"]
[WhiteElo "1623"]
[BlackElo "2791"]

1. e4 c5 2. Bc4 e6 3. h4 d5 4. exd5 exd5 5. Bb5+ Nc6 6. Bxc6+ bxc6 7. Qe2+ Be7
8. c4 Nf6 9. d3 Bf5 10. Bg5 O-O 11. h5 Re8 12. Qf3 Bg4 13. Qg3 Bd6+ 14. Qe3
Rxe3+ 15. Bxe3 Qe7 16. h6 d4 17. f3 Qxe3+ 18. Ne2 Re8 19. Kd1 Qxe2+ 20. Kc1 Bf4+
21. Nd2 Qxd2+ 0-1

[Event "AUTO-ELITE-1396"]
[Site "http://www.queenalice.com/game.php?id=1312194"]
[Date "2014.10.3"]
[Round "1"]
[White "Donidon"]
[Black "plonius"]
[Result "0-1"]
[WhiteElo "2371"]
[BlackElo "2801"]

1. e4 c5 2. Nf3 d6 3. d4 cxd4 4. Nxd4 Nf6 5. Nc3 a6 6. Bc4 e6 7. O-O Be7 8. Bb3
O-O 9. Be3 Nbd7 10. Bxe6 fxe6 11. Nxe6 Qa5 12. Nxf8 Nxf8 13. Qd2 Be6 14. Kh1 Rc8
15. f3 Ng6 16. a3 b5 17. Qf2 Qc7 18. Rad1 Ne5 19. Bb6 Qc6 20. Bd4 Nc4 21. Ne2 d5
22. exd5 Nxd5 23. Qg3 Bf8 24. Qf2 Bf7 25. Rfe1 Qh6 26. Ng3 Bd6 27. Nf1 a5 28.
Re4 Bf4 29. Re2 a4 30. g3 Bg5 31. h4 Bd8 32. Nh2 Qg6 33. Nf1 h6 34. Kh2 Rc6 35.
Kh1 Bc7 36. Rde1 h5 37. Re4 Nd6 38. Re5 Nf5 39. c3 Nxd4 0-1

[Event "AUTO-ELITE-1396"]
[Site "http://www.queenalice.com/game.php?id=1312195"]
[Date "2014.10.3"]
[Round "1"]
[White "plonius"]
[Black "Donidon"]
[Result "1-0"]
[WhiteElo "2800"]
[BlackElo "2372"]

1. d4 Nf6 2. c4 d5 3. cxd5 Nxd5 4. Nf3 g6 5. e4 Nb6 6. Bf4 Bg7 7. Qc2 O-O 8.
Bxc7 Qd7 9. Na3 Qa4 10. Qxa4 Nxa4 11. O-O-O Bg4 12. Kb1 a6 13. Be2 Nc6 14. Nc2
Rac8 15. Bf4 Bxf3 16. gxf3 e5 17. dxe5 Nxe5 18. Bc1 b5 19. f4 Nc4 20. e5 f6 21.
Bg4 Rb8 22. Nd4 fxe5 23. Ne6 Rf7 24. Ng5 Re7 25. Be6+ Kh8 26. Nf7+ Kg8 27. Nd8+
Kf8 28. Nc6 Rxe6 29. Nxb8 exf4 30. Rhe1 Rxe1 31. Rxe1 Bxb2 32. Bxb2 Naxb2 33.
Kc2 a5 34. Re4 g5 35. h4 h6 36. h5 Na4 37. Nd7+ Kf7 38. Ne5+ Nxe5 39. Rxe5 g4
40. Rxb5 g3 41. Rf5+ 1-0

[Event "AUTO-ELITE-1396"]
[Site "http://www.queenalice.com/game.php?id=1312200"]
[Date "2014.10.3"]
[Round "1"]
[White "mole"]
[Black "plonius"]
[Result "0-1"]
[WhiteElo "2238"]
[BlackElo "2793"]

1. e4 c5 2. Na3 g6 3. c3 Bg7 4. f4 d5 5. exd5 Nf6 6. c4 O-O 7. Nf3 e6 8. dxe6
Bxe6 9. Be2 Bf5 10. O-O Nc6 11. Nc2 Bxc2 12. Qxc2 Re8 13. Bd1 Ne4 14. g3 Nb4 15.
Qb1 Qd7 16. Kg2 Nd3 17. f5 Rad8 18. Bc2 Nxg3 19. Bxd3 Nxf1 20. Bxf1 Qc6 21. d4
Rxd4 22. Kf2 Rd1 23. Be2 Bd4+ 24. Nxd4 Rxd4 25. Be3 Qd6 26. Qf1 Qxh2+ 27. Qg2
Rf4+ 28. Bxf4 Rxe2+ 0-1

[Event "AUTO-ELITE-1396"]
[Site "http://www.queenalice.com/game.php?id=1312201"]
[Date "2014.10.3"]
[Round "1"]
[White "plonius"]
[Black "mole"]
[Result "1-0"]
[WhiteElo "2794"]
[BlackElo "2250"]

1. d4 Nf6 2. c4 c5 3. d5 b5 4. cxb5 a6 5. bxa6 Bxa6 6. Nc3 d6 7. e4 Bxf1 8. Kxf1
g6 9. Nf3 Bg7 10. g3 O-O 11. Kg2 Nbd7 12. a4 Qa5 13. Bd2 Rfb8 14. Nb5 Qd8 15.
Qc2 Ng4 16. Bc3 f6 17. Qe2 Qc8 18. Nd2 Nge5 19. f4 Nf7 20. Rhe1 Qb7 21. b3 Re8
22. Nc4 Nb6 23. Na5 Qd7 24. Nc6 e6 25. Qf3 e5 26. a5 Nc8 27. fxe5 dxe5 28. Qf2
f5 29. Qxc5 fxe4 30. Bb4 Bf8 31. d6 Ncxd6 32. Qd5 1-0

[Event "EUROAMERICA"]
[Site "http://www.queenalice.com/game.php?id=1326014"]
[Date "2014.12.4"]
[Round "2"]
[White "plonius"]
[Black "Cuxtal"]
[Result "1-0"]
[WhiteElo "2795"]
[BlackElo "2644"]

1. d4 d5 2. c4 e6 3. Nc3 Nf6 4. cxd5 exd5 5. Bg5 c6 6. Qc2 h6 7. Bh4 Bd6 8. e3
O-O 9. Bd3 Re8 10. Rc1 a5 11. Nge2 Na6 12. Qd2 Bd7 13. f3 Bb8 14. O-O b5 15. Bc2
Bc7 16. Bb1 Qe7 17. Bxf6 Qxf6 18. e4 Qh4 19. e5 Bb6 20. f4 Qe7 21. Nd1 Bg4 22.
Kh1 Rec8 23. Ne3 Bxe2 24. Qxe2 Kh8 25. a3 Qf8 26. e6 Rc7 27. Qd3 g6 28. f5 Qe7
29. exf7 1-0

[Event "AUTO-ELITE-1396"]
[Site "http://www.queenalice.com/game.php?id=1336544"]
[Date "2015.1.23"]
[Round "2"]
[White "plonius"]
[Black "greggy"]
[Result "0-1"]
[WhiteElo "2805"]
[BlackElo "2613"]

1. d4 d5 2. c4 e6 3. Nc3 Nf6 4. Nxd5 exd5 5. e3 c5 6. a3 Be6 7. Ne2 Nc6 8. Nf4
Bf5 9. dxc5 dxc4 10. Qxd8+ Rxd8 11. Bxc4 Bxc5 12. O-O Bd6 13. b4 Be5 14. Ra2 O-O
15. Bb2 Ne4 16. b5 Bxf4 17. bxc6 Nd2 18. Bc3 Nxc4 19. exf4 bxc6 20. Bb4 Rfe8 21.
f3 a5 22. Bc3 a4 23. Rc1 Bd3 24. h3 h6 25. Kh1 Rb8 26. Bb4 Rb5 27. Rd1 Re3 28.
Kg1 c5 29. Be1 Bb1 30. Ra1 Reb3 31. Rc1 Ne3 32. Kf2 Nd5 33. Kg3 Bd3 34. Bf2 c4
35. Rd1 Bb1 36. Be1 c3 37. Rd4 Ne3 38. Kf2 Rc5 0-1

[Event "AUTO-ELITE-1396"]
[Site "http://www.queenalice.com/game.php?id=1336545"]
[Date "2015.1.23"]
[Round "2"]
[White "greggy"]
[Black "plonius"]
[Result "1/2-1/2"]
[WhiteElo "2632"]
[BlackElo "2794"]

1. d4 Nf6 2. c4 e6 3. Nc3 Bb4 4. e3 b6 5. Bd3 Bb7 6. Nf3 O-O 7. O-O d5 8. a3 Bd6
9. b4 dxc4 10. Bxc4 Nbd7 11. Bb2 Qe7 12. Nb5 a6 13. Nxd6 cxd6 14. b5 axb5 15.
Bxb5 Ba6 16. Bxa6 Rxa6 17. Qd3 Raa8 18. e4 Rfc8 19. Nd2 h6 20. Rfc1 Nf8 21. g3
Qd8 22. d5 N6d7 23. Rab1 Rxc1+ 24. Rxc1 Nc5 25. Qc2 e5 26. f3 Nfd7 27. Nc4 b5
28. Ne3 Na4 29. Kg2 Nxb2 30. Qxb2 Nc5 31. Rb1 Qa5 32. Qb4 Qxa3 33. Qxa3 Rxa3 34.
Nf5 Rb3 35. Rxb3 Nxb3 36. Nxd6 Nd4 37. Kf2 b4 38. Nc4 b3 39. Ke3 Kf8 40. f4 Nc2+
41. Kd3 exf4 42. gxf4 Ne1+ 43. Kc3 Nf3 44. Kxb3 Nxh2 45. e5 h5 46. Kc3 h4 47.
Kd3 h3 48. Ke2 Ng4 1/2-1/2

[Event "AUTO-OPEN-3341"]
[Site "http://www.queenalice.com/game.php?id=1348072"]
[Date "2015.3.17"]
[Round "2"]
[White "plonius"]
[Black "maurice91"]
[Result "1-0"]
[WhiteElo "2804"]
[BlackElo "1884"]

1. d4 d5 2. c4 e6 3. Nc3 Bb4 4. e3 Bd7 5. Bd3 a6 6. cxd5 exd5 7. Qb3 Bxc3+ 8.
bxc3 Bc6 9. Nf3 Nf6 10. Ba3 Nbd7 11. O-O h6 12. e4 dxe4 13. Bc4 Nb6 14. Bxf7+
Kd7 15. Qe6# 1-0

[Event "AUTO-OPEN-3341"]
[Site "http://www.queenalice.com/game.php?id=1348073"]
[Date "2015.3.17"]
[Round "2"]
[White "maurice91"]
[Black "plonius"]
[Result "0-1"]
[WhiteElo "1992"]
[BlackElo "2793"]

1. d4 Nf6 2. Nf3 g6 3. g3 Bg7 4. Bg2 O-O 5. O-O d6 6. c4 Nc6 7. e3 Rb8 8. a4 a5
9. Bd2 e5 10. d5 Nb4 11. Bxb4 axb4 12. Qd2 c5 13. Qc2 Bf5 14. Qb3 e4 15. Nh4 Bd7
16. Nd2 g5 17. Nxe4 Nxe4 18. Bxe4 gxh4 19. Qd3 f5 20. Bh1 Bxb2 21. Rab1 Bc3 22.
e4 hxg3 23. fxg3 Bd4+ 24. Kg2 fxe4 25. Qxe4 Qg5 26. Qe2 Rbe8 27. Qd1 Rxf1 28.
Qxf1 Qd2+ 0-1

[Event "AUTO-OPEN-3341"]
[Site "http://www.queenalice.com/game.php?id=1359571"]
[Date "2015.5.15"]
[Round "3"]
[White "FabioDavid"]
[Black "plonius"]
[Result "0-1"]
[WhiteElo "2378"]
[BlackElo "2792"]

1. b3 e5 2. Bb2 Nc6 3. e3 d5 4. Bb5 f6 5. Nf3 a6 6. Be2 Bd6 7. O-O Nge7 8. d4
exd4 9. Nxd4 Nxd4 10. exd4 O-O 11. c4 c6 12. Nc3 Be6 13. Re1 Bf7 14. c5 Bc7 15.
Na4 Ng6 16. g3 f5 17. f4 Nxf4 18. gxf4 Bxf4 19. Qc2 Qg5+ 20. Kh1 Bxh2 0-1

[Event "good training "]
[Site "http://www.queenalice.com/game.php?id=1366624"]
[Date "2015.6.20"]
[Round "1"]
[White "AndyWo"]
[Black "plonius"]
[Result "1/2-1/2"]
[WhiteElo "2706"]
[BlackElo "2791"]

1. e4 c5 2. Nf3 d6 3. d4 cxd4 4. Nxd4 Nf6 5. Nc3 a6 6. Be3 e5 7. Nb3 Be6 8. f3
Be7 9. Qd2 O-O 10. O-O-O Nbd7 11. g4 b5 12. g5 Nh5 13. Nd5 Bxd5 14. exd5 f5 15.
gxf6 Rxf6 16. Na5 Qf8 17. Bh3 Nc5 18. Nc6 Nf4 19. Bg4 h5 20. Bxf4 hxg4 21. Bg5
gxf3 22. Rhf1 Ne4 23. Nxe7+ Kf7 24. Qe3 Nxg5 25. Nc6 Nh3 26. Rxf3 Nf4 27. Rg3
Kg8 28. Kb1 Qf7 29. a3 Rf8 30. Nb4 a5 31. Nc6 b4 32. a4 Nxd5 33. Qe4 Rf1 34. Rd3
Nf6 35. Qe2 Rxd1+ 36. Rxd1 Qc7 37. Qa6 e4 38. Nxa5 Rc8 39. Rc1 e3 40. Nb3 Qc4
41. Qxd6 e2 42. Qd2 Nd5 43. Re1 Nf4 44. a5 Ra8 45. h4 Kh7 46. h5 Qe4 47. Nc5 Qf5
48. Nb3 Ra7 49. Qe3 Ng2 50. Qxa7 Nxe1 51. h6 Qxc2+ 52. Ka2 Kxh6 53. Qe3+ g5 54.
Qe6+ Kh5 1/2-1/2

[Event "good training "]
[Site "http://www.queenalice.com/game.php?id=1366633"]
[Date "2015.6.20"]
[Round "2"]
[White "plonius"]
[Black "m"]
[Result "1-0"]
[WhiteElo "2793"]
[BlackElo "1705"]

1. d4 Nf6 2. c4 g6 3. Nc3 Bg7 4. e4 d6 5. h3 O-O 6. Bg5 h6 7. Be3 Nbd7 8. Nf3 c5
9. Bd3 cxd4 10. Nxd4 Ne5 11. b3 Nxd3+ 12. Qxd3 1-0

[Event "greggy-2"]
[Site "http://www.queenalice.com/game.php?id=1371361"]
[Date "2015.7.13"]
[Round "1"]
[White "Fquita"]
[Black "plonius"]
[Result "0-1"]
[WhiteElo "2488"]
[BlackElo "2783"]

1. e4 c5 2. Nf3 d6 3. d4 cxd4 4. Nxd4 Nf6 5. Nc3 a6 6. Bg5 e6 7. f4 Be7 8. Qf3
Qc7 9. O-O-O Nbd7 10. g4 b5 11. Bxf6 Nxf6 12. g5 Nd7 13. f5 O-O 14. fxe6 fxe6
15. Nxe6 Bxg5+ 16. Kb1 Rxf3 17. Nxc7 Rb8 18. Ne8 Nb6 19. Nxd6 Bd7 20. Nd5 Nxd5
21. exd5 Bf4 22. Ne4 Re3 23. Bd3 Re8 24. Rhe1 Rxe1 25. Rxe1 Re5 0-1

[Event "EUROAMERICA"]
[Site "http://www.queenalice.com/game.php?id=1373789"]
[Date "2015.7.27"]
[Round "3"]
[White "cro_kramnik"]
[Black "plonius"]
[Result "1-0"]
[WhiteElo "2657"]
[BlackElo "2794"]

1. d4 Nf6 2. c4 g6 3. Nc3 Bg7 4. e4 d6 5. Be2 O-O 6. Bg5 a6 7. Qd2 c5 8. Nf3
cxd4 9. Nxd4 Nc6 10. Nc2 Be6 11. O-O Qa5 12. f3 Nd7 13. Nd5 Qxd2 14. Bxd2 Rac8
15. Bc3 f5 16. Bxg7 Kxg7 17. exf5 Bxf5 18. Nce3 Nd4 19. Kf2 e5 20. Ne7 Rce8 21.
N7xf5+ gxf5 22. Rfd1 Rc8 23. Rac1 Nc5 24. Nd5 Kf7 25. Bf1 a5 26. b3 Rg8 27. Rd2
b5 28. Rcd1 b4 29. g3 1-0

[Event "greggy-2"]
[Site "http://www.queenalice.com/game.php?id=1408204"]
[Date "2016.2.8"]
[Round "2"]
[White "plonius"]
[Black "mathematician1961"]
[Result "1-0"]
[WhiteElo "2785"]
[BlackElo "2684"]

1. d4 Nf6 2. c4 e6 3. Nc3 Bb4 4. e3 O-O 5. Bd3 b6 6. Ne2 d5 7. a3 Bxc3+ 8. bxc3
Ba6 9. cxd5 exd5 10. Bxa6 Nxa6 11. Qd3 Qc8 12. f3 1-0

[Event "good training "]
[Site "http://www.queenalice.com/game.php?id=1436272"]
[Date "2016.8.14"]
[Round "3"]
[White "krodo"]
[Black "plonius"]
[Result "0-1"]
[WhiteElo "2648"]
[BlackElo "2789"]

1. e4 c5 2. Nf3 d6 3. d4 cxd4 4. Nxd4 Nf6 5. Nc3 a6 6. Be3 e5 7. Nb3 Be6 8. Be2
Nbd7 9. f4 exf4 10. Bxf4 Ne5 11. Qd4 Qc7 12. O-O-O Be7 13. Rhg1 O-O 14. g4 b5
15. g5 Nfd7 16. Nd5 Bxd5 17. exd5 Rfc8 18. Qe4 g6 19. Nd4 Bf8 20. Nc6 Re8 21.
Qg2 Bg7 22. Rge1 Nc5 23. Bxe5 Bxe5 24. Bd3 Bf4+ 25. Kb1 Rxe1 26. Rxe1 Qd7 27. h4
Re8 28. Rf1 Nxd3 29. cxd3 Qf5 30. Qf3 Bg3 31. Qxf5 gxf5 32. Rxf5 Bxh4 33. Nd4
Re3 34. Kc2 Rg3 35. Rf3 Rg2+ 36. Kb1 Rf2 37. Rxf2 Bxf2 38. Nf5 f6 39. gxf6 h5
40. Nxd6 h4 41. Ne4 Bd4 42. d6 h3 43. d7 Bb6 44. Nf2 h2 45. Kc2 Kf7 46. Kd2 Ke6
47. Ke2 Kxd7 48. Nh1 Ke6 49. Kf3 Bd4 50. f7 Kxf7 51. Kg2 Bxb2 52. Kxh2 Ke6 53.
Kg2 Kd5 54. Kf3 Kd4 0-1

[Event "greggy-2"]
[Site "http://www.queenalice.com/game.php?id=1447157"]
[Date "2016.11.1"]
[Round "3"]
[White "AndyWo"]
[Black "plonius"]
[Result "1/2-1/2"]
[WhiteElo "2699"]
[BlackElo "2794"]

1. e4 c5 2. Nf3 d6 3. d4 cxd4 4. Nxd4 Nf6 5. Nc3 a6 6. Be3 e5 7. Nb3 Be6 8. f3
Be7 9. Qd2 O-O 10. O-O-O Nbd7 11. g4 b5 12. g5 b4 13. Ne2 Ne8 14. f4 a5 15. f5
a4 16. fxe6 axb3 17. exf7+ Rxf7 18. Kb1 bxc2+ 19. Kxc2 Nb6 20. Nc1 d5 21. Bxb6
Qxb6 22. Kb1 Rd8 23. Qg2 Qe3 24. exd5 Bxg5 25. Nd3 b3 26. Re1 Qa7 27. a3 Bh4 28.
Re2 Be7 29. Qg3 e4 30. Nc1 Bxa3 31. bxa3 Ra8 32. Qe5 Qxa3 33. Qb2 Qf8 34. Bh3
Rf3 35. Bd7 Nd6 36. Qd4 Rf4 37. Rhe1 h6 38. Re3 b2 39. Kxb2 Rb8+ 40. Kc2 Rf2+
41. R1e2 Rb7 42. Bh3 Rc7+ 43. Kd1 Rf3 44. Rc2 Rxh3 45. Rxc7 Nf5 46. Rxg7+ Nxg7
47. Rxh3 Qf1+ 48. Kd2 1/2-1/2

[Event "greggy-2"]
[Site "http://www.queenalice.com/game.php?id=1467660"]
[Date "2017.3.6"]
[Round "4"]
[White "plonius"]
[Black "Kuarwaki"]
[Result "1/2-1/2"]
[WhiteElo "2792"]
[BlackElo "2636"]

1. d4 Nf6 2. c4 e6 3. Nc3 Bb4 4. Qc2 O-O 5. a3 Bxc3+ 6. Qxc3 d5 7. Nf3 dxc4 8.
Qxc4 b6 9. Bg5 Ba6 10. Qa4 h6 11. Bh4 c5 12. dxc5 bxc5 13. Rd1 Qb6 14. Bxf6 gxf6
15. e3 Bxf1 16. Kxf1 Nc6 17. Rb1 Rfd8 18. h4 Ne7 19. Qf4 Kg7 20. Kg1 Qd6 21.
Qxd6 Rxd6 22. Kh2 Rb8 23. Rhc1 Rdb6 24. Rc2 c4 25. g4 c3 26. b4 a5 27. Rxc3 axb4
1/2-1/2

[Event "good training "]
[Site "http://www.queenalice.com/game.php?id=1508569"]
[Date "2017.12.19"]
[Round "4"]
[White "plonius"]
[Black "caboclo"]
[Result "1-0"]
[WhiteElo "2789"]
[BlackElo "2681"]

1. d4 Nf6 2. c4 e6 3. Nc3 Bb4 4. e3 O-O 5. Bd3 d5 6. cxd5 exd5 7. Ne2 Re8 8. Bd2
Bd6 9. Rc1 c6 10. O-O Nbd7 11. f3 b5 12. Qe1 a5 13. Ng3 Bf8 14. Nce2 Qb6 15. Nf5
g6 16. g4 gxf5 17. Bxf5 h6 18. Kh1 Bg7 19. Rg1 Nf8 20. Nf4 1-0